|
|
|
|
| LEADER |
00000naa2a2200000 4500 |
| 001 |
626490 |
| 005 |
20251126143538.0 |
| 035 |
|
|
|a (RuTPU)RU\TPU\conf\25869
|
| 035 |
|
|
|a RU\TPU\conf\25863
|
| 090 |
|
|
|a 626490
|
| 100 |
|
|
|a 20180301d2018 k y0rusy50 ca
|
| 101 |
0 |
|
|a rus
|
| 102 |
|
|
|a RU
|
| 105 |
|
|
|a y z 101zy
|
| 135 |
|
|
|a drcn ---uucaa
|
| 181 |
|
0 |
|a i
|
| 182 |
|
0 |
|a b
|
| 200 |
1 |
|
|a Метод распознавания и сегментации дистального конца катетера на основе нейронных сетей
|f Р. А. Манаков, О. М. Гергет, В. В. Данилов
|
| 203 |
|
|
|a Текст
|c электронный
|
| 225 |
1 |
|
|a Информационные технологии в гуманитарных и медицинских исследованиях
|
| 300 |
|
|
|a Заглавие с титульного экрана
|
| 320 |
|
|
|a [Библиогр.: с. 381 (3 назв.)]
|
| 463 |
|
0 |
|0 (RuTPU)RU\TPU\conf\25518
|t Молодежь и современные информационные технологии
|o сборник трудов XV Международной научно-практической конференции студентов, аспирантов и молодых учёных, 04-07 декабря 2017 г., г. Томск
|f Национальный исследовательский Томский политехнический университет, Инженерная школа информационных технологий и робототехники ; под ред. С. С. Михалевич [и др.]
|v [С. 380-381]
|d 2018
|
| 610 |
1 |
|
|a электронный ресурс
|
| 610 |
1 |
|
|a труды учёных ТПУ
|
| 610 |
1 |
|
|a распознавание
|
| 610 |
1 |
|
|a сегментация
|
| 610 |
1 |
|
|a дистальные концы
|
| 610 |
1 |
|
|a катетеры
|
| 610 |
1 |
|
|a нейронные сети
|
| 610 |
1 |
|
|a кардиохирургия
|
| 610 |
1 |
|
|a хирургические инструменты
|
| 610 |
1 |
|
|a визуализация
|
| 610 |
1 |
|
|a эхокардиография
|
| 700 |
|
1 |
|a Манаков
|b Р. А.
|
| 701 |
|
1 |
|a Гергет
|b О. М.
|c специалист в области информатики и вычислительной техники
|c профессор Томского политехнического университета, доктор наук
|f 1974-
|g Ольга Михайловна
|3 (RuTPU)RU\TPU\pers\28996
|9 13717
|
| 701 |
|
1 |
|a Данилов
|b В. В.
|c специалист в области информатики и вычислительной техники
|c инженер Томского политехнического университета
|f 1989-
|g Вячеслав Владимирович
|3 (RuTPU)RU\TPU\pers\37129
|
| 712 |
0 |
2 |
|a Национальный исследовательский Томский политехнический университет
|b Инженерная школа информационных технологий и робототехники
|b Отделение информационных технологий
|3 (RuTPU)RU\TPU\col\23515
|
| 712 |
0 |
2 |
|a Национальный исследовательский Томский политехнический университет (ТПУ)
|b Управление проректора по научной работе и инновациям (НРиИ)
|b Центр RASA в Томске
|b Лаборатория дизайна медицинских изделий (Лаб. ДМИ)
|3 (RuTPU)RU\TPU\col\22092
|
| 801 |
|
2 |
|a RU
|b 63413507
|c 20201229
|g RCR
|
| 856 |
4 |
|
|u http://earchive.tpu.ru/handle/11683/46503
|
| 942 |
|
|
|c BK
|